La preservación de la memoria audiovisual en la sociedad digital (Record no. 3395)

MARC details
000 -CABECERA
campo de control de longitud fija 01129nam a2200241 a 4500
001 - NÚMERO DE CONTROL
campo de control BRCA_3663
005 - FECHA Y HORA DE LA ÚLTIMA TRANSACCIÓN
campo de control 20190320204355.0
008 - DATOS DE LONGITUD FIJA--INFORMACIÓN GENERAL
campo de control de longitud fija 010909s2006----mx-#---###---#000-0#spa-#
041 ## - CÓDIGO DE LENGUA
Código de lengua del texto/banda sonora o título independiente spa
044 ## - CÓDIGO DEL PAÍS DE LA ENTIDAD EDITORA/PRODUCTORA
Código MARC del país mx
050 #4 - SIGNATURA TOPOGRÁFICA DE LA BIBLIOTECA DEL CONGRESO
Número de clasificación CD973.2
Número de documento/Ítem .P74 2006
245 10 - MENCIÓN DE TÍTULO
Título La preservación de la memoria audiovisual en la sociedad digital
Resto del título memorias del Tercer Seminario Internacional de Archivos Sonoros y Audiovisuales
Mención de responsabilidad, etc. compilación a cargo de Perla Olivia Rodríguez Reséndiz y Leopoldo Ortega Carmona ; con la colaboración de Lourdes Ayluardo ... [et al.].
260 ## - PUBLICACIÓN, DISTRIBUCIÓN, ETC.
Lugar de publicación, distribución, etc. México
Nombre del editor, distribuidor, etc. Radio Educación
Fecha de publicación, distribución, etc. 2006
300 ## - DESCRIPCIÓN FÍSICA
Extensión 214 p.
Dimensiones 22 cm.
500 ## - NOTA GENERAL
Nota general 3er Seminario Internacional de Archivos Sonoros y Audiovisuales (Ciudad de México), 2006
650 14 - PUNTO DE ACCESO ADICIONAL DE MATERIA--TÉRMINO DE MATERIA
Término de materia o nombre geográfico como elemento de entrada Archivos audiovisuales
Subdivisión de forma Congresos
Subdivisión geográfica América Latina
9 (RLIN) 9506
650 14 - PUNTO DE ACCESO ADICIONAL DE MATERIA--TÉRMINO DE MATERIA
Término de materia o nombre geográfico como elemento de entrada Archivos audiovisuales
Subdivisión de forma Congresos
Subdivisión general Administración
Subdivisión geográfica América Latina
9 (RLIN) 9507
650 14 - PUNTO DE ACCESO ADICIONAL DE MATERIA--TÉRMINO DE MATERIA
Término de materia o nombre geográfico como elemento de entrada Materiales audiovisuales
Subdivisión general Conservación y restauración
9 (RLIN) 9508
700 1# - PUNTO DE ACCESO ADICIONAL--NOMBRE DE PERSONA
Nombre de persona Rodríguez Reséndiz, Perla Olivia
9 (RLIN) 9509
700 1# - PUNTO DE ACCESO ADICIONAL--NOMBRE DE PERSONA
Nombre de persona Ortega Carmona, Leopoldo
9 (RLIN) 9510
700 1# - PUNTO DE ACCESO ADICIONAL--NOMBRE DE PERSONA
Nombre de persona Ayluardo, Lourdes
9 (RLIN) 9511
942 ## - ELEMENTOS DE PUNTO DE ACCESO ADICIONAL (KOHA)
Fuente del sistema de clasificación o colocación Library of Congress Classification
Tipo de ítem Koha Libros
Holdings
Estado de retiro Estado de pérdida Estado dañado No para préstamo Localización permanente Ubicación/localización actual Fecha de adquisición Total de préstamos Signatura topográfica completa Código de barras Fecha visto por última vez Precio válido a partir de Tipo de ítem Koha
El ejemplar forma parte de la colección y puede ser consultado según las políticas vigentes.       Biblioteca del Museo Franz Mayer (Rogerio Casas-Alatriste) Biblioteca del Museo Franz Mayer (Rogerio Casas-Alatriste) 27/08/2009   CD973.2 .P74 2006 00202 22/03/2019 22/03/2019 Libros